Environmental economics and management : (Record no. 2232)
[ view plain ]
| 000 -LEADER | |
|---|---|
| fixed length control field | 02122nam a2200193Ia 4500 |
| 020 ## - INTERNATIONAL STANDARD BOOK NUMBER | |
| ISBN | 0256132542 |
| 050 ## - CALL NUMBER | |
| Classification number | HC79 |
| Item number | .E5C355 |
| 100 1# - AUTHOR | |
| Personal name | Callan, Scott. |
| 245 10 - TITLE | |
| Title | Environmental economics and management : |
| Remainder of title | theory, policy, and applications / |
| Statement of responsibility, etc | Scott J. Callan, Janet M. Thomas. |
| 260 ## - PUBLICATION INFORMATION | |
| Place of publication | Chicago : |
| Name of publisher | Irwin, |
| Year of publication | c1996. |
| 300 ## - DESCRIPTION | |
| Number of Pages | xxv, 725 p. : |
| Other physical details | ill. ; |
| Dimensions | 24 cm. |
| 500 ## - NOTES | |
| General note | Includes index. |
| 505 ## - FORMATTED CONTENTS NOTE | |
| Table of Content | MODULE I: MODELING ENVIRONMENTAL PROBLEMS. 1. The Role of Economics in Environmental Management. 2. Modeling the Market Process: A Review of the Basics. 3. Modeling Market Failure. MODULE II: MODELING SOLUTIONS TO ENVIRONMENTAL PROBLEMS. 4. Conventional Solutions to Environmental Problems: The Command-and-Control Approach. 5. Economic Solutions to Environmental Problems: The Market Approach. MODULE III: ANALYTICAL TOOLS FOR ENVIRONMENTAL PLANNING. 6. Environmental Risk Analysis. 7. Assessing Benefits for Environmental Decision Making. 8. Assessing Costs for Environmental Decision Making. 9. Benefit-Cost Analysis in Environmental Decision Making. MODULE IV: THE CASE OF AIR. 10. Defining Air Quality: The Standard-Setting Process. 11. Improving Air Quality: Controlling Mobile Sources. 12. Improving Air Quality: Controlling Stationary Sources. 13. Global Air Quality: Policies for Ozone Depletion and Climate Change. MODULE V: THE CASE OF WATER. 14. Defining Water Quality: The Standard-Setting Process. 15. Improving Water Quality: Controlling Point and Nonpoint Sources. 16. Protecting Safe Drinking Water. MODULE VI: THE CASE OF SOLID WASTES AND TOXIC SUBSTANCES. 17. Managing Hazardous Solid Waste and Waste Sites. 18. Managing Municipal Solid Waste. 19. Controlling Pesticides and Toxic Chemicals. MODULE VII: GLOBAL ENVIRONMENT MANAGEMENT. 20. Sustainable Development: International Environmental Agreements and International Trade. 21. Sustainable Approaches: Industrial Ecology and Pollution Prevention. |
| 650 #0 - SUBJECTS | |
| Topical Term | Environmental economics. |
| 650 #0 - SUBJECTS | |
| Topical Term | Industrial management |
| General subdivision | Environmental aspects. |
| 650 #0 - SUBJECTS | |
| Topical Term | Environmental economics |
| 700 1# - OTHER AUTHORS | |
| Personal name | Thomas, Janet M. |
| 942 ## - ADDED ENTRY ELEMENTS (KOHA) | |
| Koha item type | Books |
| Withdrawn status | Lost status | Home library | Current library | Shelving location | Date acquired | Full call number | Accession Number | Copy number | Koha item type | Collection code |
|---|---|---|---|---|---|---|---|---|---|---|
| Methodist University Library Main | Methodist University Library Main | General Stacks | HC79 .E5C355 | 11355 | 1 | Books | ||||
| Methodist University Library Main | Methodist University Library Main | General Stacks | HC79 .E5C355 | 11356 | 2 | Books | ||||
| Methodist University Library Main | Methodist University Library Main | General Stacks | HC79 .E5C355 | 11354 | 3 | Books | Reference |